000 00665nam a2200181 a 4500
001 000024932
005 20200930023446.0
008 110208s1984 dr ac 000 0 spa d
040 _aDO-SdBNP
_bspa
_cBNPHU
082 _a925
_bJ61
100 1 _aJiménez Olavarrieta, José de Jesús
_951183
245 1 0 _aDr. José de Jesús Jiménez Almonte :
_buna vida dedicada a la ciencia /
_cJosé de Jesús Jiménez Olavarrieta.
260 _aSantiago de los Caballeros :
_bTaller,
_c1984.
300 _a368 p. :
_bil., retr. ;
_c25 cm.
600 1 4 _aJIMÉNEZ ALMONTE, JOSÉ DE JESÚS,
_d1905-1982
_951184
650 4 _aMédicos dominicanos
_xBiografías
_910192
049 _aBNPD
999 _c24425
_d24425